000 01224nam a22003257a 4500
001 BR9001188
003 BR-BrBNA
005 20230928093407.0
007 ta
008 230509b bl.||||| |||| 00| 0 por d
040 _aBR-BrBNA
_bpor
_cBiblioteca Nacional de Agricultura
041 _a(Por)
072 _aP34; H20; F30
_b1740
_b1850
_b4120
090 _ 1740 BR9001188
100 1 _aMelo, A.M.T. de
110 1 _aEscola Superior de Agricultura Luiz de Queiroz, Piracicaba, SP (Brasil)
_0Tese (Mestrado)
245 1 _aReacao de cebola e tomateiro a inoculacao de fungos micorrizicos vesiculo-arbusculares e de Pyrenochaeta terrestris e Fusarium oxysporum f. sp. lycopersici
246 1 _aReaction of onion and tomato to inoculation with vesicular-arbuscular mycorrhizal fungi and with Pyrenochaeta terrestris and Fusarium oxysporum f. sp. lycopersici
260 3 _aPiracicaba, SP (Brasil):
_c1989.
300 _a124 p.
500 _aSummaries (Eng, Por); 17 tables; Bibliography p. 99-124 (165 ref.)
650 _aCEBOLA
650 _aTOMATE
650 _aMICORRIZA
650 _aINOCULACAO
650 _aFUNGO
650 _aVARIEDADE RESISTENTE
909 _a202309
_bLucia
_c55
_dLucia Elande
942 _cBK
999 _c44729
_d44729